Responses for Show #9099 - Thursday, May 9, 2024

Allison Gross game 3.

Contestants

[<< previous game]

Isabella Dawis, a writer, actor and musician from Minneapolis, Minnesota

Jennifer Trofa, a talent manager from Los Angeles, California

Allison Gross, a data scientist from Cleveland, Ohio (whose 2-day cash winnings total $19,598)

[next game >>]

Jeopardy! Round responses

LET'S GO TO THE GEOPARK
(Ken: These are areas of geological importance as listed by UNESCO.)
MUSIC, MUSIC EVERYWHERE
DOWNLOADING SOME APPS
WHAT'S THAT SONG?
FROM RIDICULOUS TO SUBLIME
(Ken: All these are words that come between "ridiculous" and "sublime" in the dictionary.)
MORE THAN 2 EYES
    $200 30
volcanoes

Isabella
    $200 13
a mute

Isabella
    $200 29
oysters

Allison
    $200 12
"Faith"

Isabella
    $200 27
sabers

Isabella
    $200 28
a peacock

Isabella
    $400 20
England

Allison
    $400 5
polkas

Triple Stumper
    $400 26
Buffalo wings

Allison
    $400 11
"Waterfalls"

Isabella
    $400 25
rummage

Allison
    $400 18
(Jennifer: What is six?)
...
(Ken: Just [*], 'cause one one of them's covering them.)

four

AllisonJennifer
    $600 22
the Alps

Isabella
    $600 2
soprano

Isabella
    $600 8
(Ken: That's correct, in the nick of time.)
(Isabella: Oh!)
[Laughter]

deviled eggs

Isabella
    $600 6
"Stan"

Allison
    $600 24
schlep

Allison
    $600 14
potatoes

Allison
    $800 21
(Jennifer: Uh, what are... geysers?)

the Canadian Shield

Jennifer
Triple Stumper
    $800 3
bebop

Isabella
    $800 17
grape leaves

Isabella
    $800 9
"Maneater"

Isabella
    $800 7
(Jennifer: What is sawmen?)

sawbones

Jennifer
Triple Stumper
    $800 15
the Monster Manual

Allison
    $8,000 23
(Isabella: What... are the... Andorra?)

the Basques

Isabella
    $1000 4
decrescendo

Isabella
    $1000 16
canapé

Jennifer
    $1000 10
"Rhiannon"

Isabella
    $1000 1
righteousness

Isabella
    $1000 19
a scallop

Triple Stumper

Scores at the first commercial break (after clue 15):

Allison Jennifer Isabella
$2,000 -$800 $6,600

Scores at the end of the Jeopardy! Round:

Allison Jennifer Isabella
$4,400 -$1,000 $600

Double Jeopardy! Round responses

HISTORY'S MYSTERIES
SHAKESPEARE BEFORE & AFTER
18th CENTURY SCIENCE & TECHNOLOGY
PRISONS
POP CULTURE LICENSE PLATES
MORE THAN 2 I's
    $400 27
Jack the Ripper

Allison
    $400 25
Julius Caesar's Palace

Allison
    $400 24
hydrogen & oxygen

Allison
    $400 23
(Ken: Less than a minute, Allison.)

the Rockies

Triple Stumper
    $400 19
the Ghostbusters

Jennifer
    $400 26
a miniskirt

Allison
    $800 20
Genghis Khan

Triple Stumper
    $800 4
Much Ado about Nothing Compares 2 U

Isabella
    $800 22
the cotton gin

Allison
    $800 17
(Allison: What is Alcatraz?)

San Quentin

Allison
Triple Stumper
    $800 13
(Jennifer: What is... smell ya later?)
...
(Ken: And there were dice in the mirror.)

Fresh

AllisonJennifer
    $800 21
indivisible

Allison
    $1200 18
El Dorado

Jennifer
    $1200 2
(Jennifer: What is The Lion King?)
...
(Ken: Yes, that's how before and after goes.)

The Lion King Lear

AllisonJennifer
    $1200 14
a Leyden jar

Triple Stumper
    $1200 28
[The end-of-round signal sounds.]

The Wall Street Journal

Triple Stumper
    $1200 1
101 Dalmatians

Isabella
    $1200 16
bibliophiles

Allison
    $1600 12
the Ural Mountains

Jennifer
    $1600 5
A Midsummer Night's Dream Weaver

Triple Stumper
    $4,000 7
(Ken: [*] is right, Uppsala's in Sweden.)

Celsius

Allison
    $1600 3
Better Call Saul

Isabella
    $1600 11
iridium

Allison
    $2,000 15
the Ark of the Covenant

Allison
    $2000 6
Love's Labour's Lost Generation

Allison
    $2000 8
Luigi Galvani

Triple Stumper
    $2000 9
L.A. Law

Triple Stumper
    $2000 10
a disciplinarian

Triple Stumper

Scores at the end of the Double Jeopardy! Round:

Allison Jennifer Isabella
$19,600 $200 $4,200
(lock game)

[wagering suggestions for these scores]

Final Jeopardy! Round responses

1980s FADS
(Ken: [To Jennifer] No, you had to go back a little further than that.)
...
(Ken: [To Isabella] She went back in time a little too far.)
JenniferWhat is a tomagotchi?
$199
IsabellaWhat are Pet rocks? ♡ you Cece Papi Uncl
$3,700
AllisonWhat are Cabbage Patch Kids?
$5,400
Cabbage Patch Kids

Final scores:

Allison Jennifer Isabella
$25,000 $1 $500
3-day champion: $44,598 3rd place: $2,000 2nd place: $3,000

Game dynamics:

Coryat scores:

Allison Jennifer Isabella
$17,200 $200 $12,200
22 R
(including 2 DDs),
1 W
4 R,
5 W
18 R,
1 W
(including 1 DD)

Combined Coryat: $29,600

[game clues] [game scores] [suggest correction]

Game tape date: 2024-04-02
The J! Archive is created by fans, for fans. Scraping, republication, monetization, and malicious use prohibited; this site may use cookies and collect identifying information. See terms. The Jeopardy! game show and all elements thereof, including but not limited to copyright and trademark thereto, are the property of Jeopardy Productions, Inc. and are protected under law. This website is not affiliated with, sponsored by, or operated by Jeopardy Productions, Inc. Join the discussion at JBoard.tv.